[Event "Miguel Najdorf Memorial 2010 Torneo B"]
[Site "Warszawa POL"]
[Date "2010.07.22"]
[Round "7.15"]
[White "Wilczynski, Adam"]
[Black "Stodolnik, Alicja"]
[Result "0-1"]
[WhiteElo "1747"]
[BlackElo "1803"]
[PlyCount "56"]
[EventDate "2010.07.17"]
[EventType "swiss"]
[EventRounds "9"]
[EventCountry "POL"]
[Source "lmi"]
[SourceDate "2010.07.17"]

1. c4 Nf6 2. g3 g6 3. Bg2 Bg7 4. Nc3 d6 5. d3 c5 6. Bg5 Nc6 7. Rb1 Bd7 8. a3 a5
9. e4 Rb8 10. Nge2 O-O 11. O-O h6 12. Bc1 Qc8 13. Re1 Kh7 14. Nf4 Nd4 15. b4
axb4 16. axb4 b5 17. cxb5 cxb4 18. Ncd5 Nxd5 19. Nxd5 e6 20. Nxb4 Rxb5 21. Bd2
Qb8 22. Na2 Rc8 23. Nc3 Rb2 24. Rxb2 Qxb2 25. Qc1 Qxc1 26. Rxc1 Rxc3 27. Rxc3
Ne2+ 28. Kf1 Nxc3 0-1

[Event "Miguel Najdorf Memorial 2010 Torneo B"]
[Site "Warszawa POL"]
[Date "2010.07.23"]
[Round "8.1"]
[White "Eggink, Ryszard"]
[Black "Mietek, Lukasz"]
[Result "1/2-1/2"]
[WhiteElo "1896"]
[BlackElo "1939"]
[PlyCount "105"]
[EventDate "2010.07.17"]
[EventType "swiss"]
[EventRounds "9"]
[EventCountry "POL"]
[Source "lmi"]
[SourceDate "2010.07.17"]

1. e4 c6 2. Nf3 d5 3. Nc3 dxe4 4. Nxe4 Bf5 5. Ng3 Bg6 6. h4 h6 7. Ne5 Bh7 8.
Bc4 e6 9. Qe2 Qc7 10. d4 Nf6 11. Bf4 Qa5+ 12. Bd2 Qc7 13. O-O-O Bd6 14. Nh5
Nxh5 15. Qxh5 Bxe5 16. dxe5 Bg6 17. Qe2 Nd7 18. Bb4 O-O-O 19. h5 Bf5 20. Be7
Rde8 21. Bd6 Qa5 22. g4 Bh7 23. Rh3 b5 24. Ra3 Qb6 25. Bd3 Bxd3 26. Qxd3 Kb7
27. Bc7 Qxc7 28. Qxd7 Re7 29. Qxc7+ Rxc7 30. Rd6 Rf8 31. Rf3 Re8 32. c4 bxc4
33. Kc2 Rg8 34. Kc3 g6 35. Rg3 Rcc8 36. Rd7+ Rc7 37. Rxc7+ Kxc7 38. Kxc4 Kb6
39. Rb3+ Kc7 40. Rf3 Rg7 41. hxg6 fxg6 42. Rh3 Rh7 43. Kd4 Kb6 44. f4 Kc7 45.
Ke4 h5 46. gxh5 gxh5 47. Rh2 Kd7 48. f5 exf5+ 49. Kxf5 h4 50. Kg6 Rh8 51. Kf7
Rh7+ 52. Kg6 Rh8 53. Kf7 1/2-1/2

[Event "Miguel Najdorf Memorial 2010 Torneo B"]
[Site "Warszawa POL"]
[Date "2010.07.23"]
[Round "8.2"]
[White "Grabara, Krzysztof"]
[Black "Eggink, Mateusz"]
[Result "1/2-1/2"]
[WhiteElo "1961"]
[BlackElo "1833"]
[PlyCount "103"]
[EventDate "2010.07.17"]
[EventType "swiss"]
[EventRounds "9"]
[EventCountry "POL"]
[Source "lmi"]
[SourceDate "2010.07.17"]

1. e4 e5 2. d4 exd4 3. Nf3 Nc6 4. Nxd4 Bc5 5. Nb3 Bb6 6. Nc3 Qf6 7. Qe2 Nge7 8.
Be3 O-O 9. O-O-O d6 10. Qd2 Be6 11. Be2 Qg6 12. g4 f6 13. f4 Qe8 14. f5 Bf7 15.
Bxb6 axb6 16. g5 Bh5 17. Rhg1 Bxe2 18. gxf6 Rxf6 19. Qxe2 Kh8 20. Qg2 Qf7 21.
Rd3 Rg8 22. Rg3 g6 23. Nd2 gxf5 24. Rxg8+ Qxg8 25. Qxg8+ Nxg8 26. Nd5 Rf8 27.
exf5 Nf6 28. Ne3 Nd4 29. Rg2 Rf7 30. Ndf1 Rg7 31. Rxg7 Kxg7 32. Kd2 Kh6 33. c3
Nf3+ 34. Ke2 Ne5 35. Ng3 Kg5 36. b3 h5 37. Ngf1 Nfg4 38. Nd5 c6 39. Nxb6 Kxf5
40. Nc8 Ke6 41. Nb6 d5 42. Na4 Kd6 43. h3 Nf6 44. Ng3 b5 45. Nb2 Ke6 46. Ke3 h4
47. Ne2 Ne4 48. a4 bxa4 49. bxa4 Ng5 50. Nf4+ Kd6 51. Ng2 Nxh3 52. Nxh4 1/2-1/2

[Event "Miguel Najdorf Memorial 2010 Torneo B"]
[Site "Warszawa POL"]
[Date "2010.07.23"]
[Round "8.3"]
[White "Pietrzak, Wojciech"]
[Black "Blank, Kamil"]
[Result "1/2-1/2"]
[WhiteElo "1949"]
[BlackElo "1663"]
[PlyCount "152"]
[EventDate "2010.07.17"]
[EventType "swiss"]
[EventRounds "9"]
[EventCountry "POL"]
[Source "lmi"]
[SourceDate "2010.07.17"]

1. e4 c5 2. c3 d5 3. exd5 Qxd5 4. d4 e6 5. Nf3 Nc6 6. Be3 cxd4 7. cxd4 Nf6 8.
Nc3 Qd8 9. Bc4 Be7 10. O-O O-O 11. Qe2 a6 12. a4 Nd5 13. Nxd5 exd5 14. Bd3 Bg4
15. h3 Bh5 16. g4 Bg6 17. Ne5 Bxd3 18. Qxd3 Bg5 19. Nxc6 bxc6 20. Bxg5 Qxg5 21.
Rfc1 Rfc8 22. Rc5 h5 23. Qe3 Qxe3 24. fxe3 hxg4 25. hxg4 Ra7 26. Rac1 Rac7 27.
b4 Kf8 28. b5 axb5 29. axb5 Ke7 30. e4 Kd6 31. e5+ Kd7 32. Kf2 Rb8 33. bxc6+
Ke6 34. Rh1 Rb6 35. Rhc1 f6 36. exf6 gxf6 37. Ke3 Kd6 38. Rf1 Rb3+ 39. Ke2 Ke6
40. Rf3 Rb6 41. Rfc3 Kd6 42. Kf3 Rb4 43. Ke3 Ra4 44. Rc2 Ra3+ 45. R5c3 Ra4 46.
Kd3 Ra6 47. Rf2 Ke6 48. Rfc2 Kd6 49. Rc5 Ra3+ 50. R2c3 Ra6 51. Rc1 Ra3+ 52.
R5c3 Ra6 53. Ke3 Ra4 54. R1c2 Rb4 55. Rd3 Rc4 56. Rf2 Ke6 57. Kf4 R7xc6 58.
Re3+ Kf7 59. Kf5 Rxd4 60. Rh2 Re4 61. Ra3 Rce6 62. Ra7+ Kg8 63. Rhh7 d4 64.
Rag7+ Kf8 65. Rd7 R4e5+ 66. Kf4 Re4+ 67. Kf3 Re7 68. Rd8+ Re8 69. Rh8+ Kf7 70.
Rhxe8 Rxe8 71. Rxe8 Kxe8 72. Ke4 Kf7 73. Kxd4 Kg6 74. Ke4 Kg5 75. Kf3 f5 76.
gxf5 Kxf5 1/2-1/2

[Event "Miguel Najdorf Memorial 2010 Torneo B"]
[Site "Warszawa POL"]
[Date "2010.07.23"]
[Round "8.4"]
[White "Rozowski, Marcin"]
[Black "Ceglowski, Ryszard"]
[Result "1/2-1/2"]
[WhiteElo "1890"]
[BlackElo "1864"]
[PlyCount "48"]
[EventDate "2010.07.17"]
[EventType "swiss"]
[EventRounds "9"]
[EventCountry "POL"]
[Source "lmi"]
[SourceDate "2010.07.17"]

1. e4 e5 2. Nf3 Nf6 3. Nxe5 d6 4. Nf3 Nxe4 5. Nc3 Nxc3 6. dxc3 Be7 7. Bf4 O-O
8. Qd2 Nc6 9. O-O-O Bf6 10. h3 Be6 11. Nd4 Nxd4 12. cxd4 c6 13. Kb1 b5 14. g4
Bd5 15. Rg1 a5 16. Bg2 Bxg2 17. Rxg2 c5 18. dxc5 dxc5 19. Qxd8 Rfxd8 20. Rgg1
Rd4 21. Rxd4 Bxd4 22. Rf1 Re8 23. c3 Bf6 24. Be3 c4 1/2-1/2

[Event "Miguel Najdorf Memorial 2010 Torneo B"]
[Site "Warszawa POL"]
[Date "2010.07.23"]
[Round "8.6"]
[White "Kowara, Magdalena"]
[Black "Wroblewski, Szymon"]
[Result "1-0"]
[WhiteElo "1833"]
[BlackElo "1847"]
[PlyCount "77"]
[EventDate "2010.07.17"]
[EventType "swiss"]
[EventRounds "9"]
[EventCountry "POL"]
[Source "lmi"]
[SourceDate "2010.07.17"]

1. e4 e5 2. Nf3 Nc6 3. Nc3 a6 4. a3 Nf6 5. d4 exd4 6. Nxd4 Bc5 7. Nxc6 bxc6 8.
Bd3 h6 9. O-O d6 10. h3 O-O 11. Kh1 Re8 12. f4 Rb8 13. Qf3 Bd4 14. Ne2 Ba7 15.
Rb1 Bb7 16. e5 dxe5 17. fxe5 Rxe5 18. Bxh6 gxh6 19. Qxf6 Qxf6 20. Rxf6 Be3 21.
Ng1 c5 22. Nf3 Rh5 23. Bc4 Bd5 24. Bxd5 Rxd5 25. Rxa6 Bf4 26. Ra4 Bd6 27. Rg4+
Kh7 28. Kg1 c4 29. Rxc4 Bxa3 30. Rxc7 Bxb2 31. Rf1 Kg8 32. Nh4 Be5 33. Rcxf7
Rc5 34. Ng6 Bd4+ 35. Kh1 Rc4 36. Ne7+ Kh8 37. Nf5 Bc5 38. Ne7 Rb2 39. Rf8+ 1-0

[Event "Miguel Najdorf Memorial 2010 Torneo B"]
[Site "Warszawa POL"]
[Date "2010.07.23"]
[Round "8.7"]
[White "Stodolnik, Alicja"]
[Black "Prominski, Piotr"]
[Result "1-0"]
[WhiteElo "1803"]
[BlackElo "1795"]
[PlyCount "47"]
[EventDate "2010.07.17"]
[EventType "swiss"]
[EventRounds "9"]
[EventCountry "POL"]
[Source "lmi"]
[SourceDate "2010.07.17"]

1. g3 Nf6 2. Bg2 e6 3. c4 c5 4. Nc3 Nc6 5. Nf3 b6 6. O-O Bb7 7. e3 Be7 8. d4 d6
9. d5 exd5 10. Nxd5 Nxd5 11. Qxd5 Na5 12. Qd1 O-O 13. Qc2 Qc7 14. e4 Rfd8 15.
Bf4 Qc6 16. Rfe1 Rac8 17. Rad1 b5 18. b3 bxc4 19. bxc4 Ba6 20. Ng5 Bb7 21. Rb1
g6 22. Qc3 Qc7 23. Bh3 Rb8 24. Ne6 1-0

[Event "Miguel Najdorf Memorial 2010 Torneo B"]
[Site "Warszawa POL"]
[Date "2010.07.23"]
[Round "8.8"]
[White "Rozycki, Bartlomiej"]
[Black "Dobrowolski, Marcin"]
[Result "0-1"]
[WhiteElo "1748"]
[BlackElo "1964"]
[PlyCount "96"]
[EventDate "2010.07.17"]
[EventType "swiss"]
[EventRounds "9"]
[EventCountry "POL"]
[Source "lmi"]
[SourceDate "2010.07.17"]

1. e4 g6 2. d4 Bg7 3. Nc3 d5 4. e5 f6 5. f4 Nh6 6. h3 O-O 7. Nce2 c5 8. c3 fxe5
9. fxe5 Bf5 10. Ng3 e6 11. Nf3 Be4 12. Nxe4 dxe4 13. Ng5 Nc6 14. dxc5 Bxe5 15.
Qxd8 Raxd8 16. Nxe4 Nf5 17. Ke2 Rd5 18. g4 Ng3+ 19. Nxg3 Bxg3 20. b4 Rf2+ 21.
Ke3 Re5+ 22. Kd3 Re1 23. Bg2 Rxg2 24. Rxe1 Bxe1 25. Bf4 Bg3 26. Bxg3 Rxg3+ 27.
Kc4 Rxh3 28. b5 Ne7 29. Rd1 Nd5 30. Rc1 Rg3 31. c6 bxc6 32. bxc6 Kf7 33. Kc5
Ke7 34. c4 Nb6 35. Rh1 h5 36. gxh5 Rg5+ 37. Kb4 Rxh5 38. Rg1 Rh4 39. Rxg6 Rxc4+
40. Kb5 Kd6 41. a4 Rc5+ 42. Ka6 Rxc6 43. a5 Nc4+ 44. Kb5 Rc5+ 45. Kb4 Nxa5 46.
Rxe6+ Kxe6 47. Kxc5 Nb7+ 48. Kb5 a5 0-1

[Event "Miguel Najdorf Memorial 2010 Torneo B"]
[Site "Warszawa POL"]
[Date "2010.07.23"]
[Round "8.9"]
[White "Borowicz, Miroslaw"]
[Black "Jarmula, Pawel"]
[Result "0-1"]
[WhiteElo "1785"]
[BlackElo "1971"]
[PlyCount "98"]
[EventDate "2010.07.17"]
[EventType "swiss"]
[EventRounds "9"]
[EventCountry "POL"]
[Source "lmi"]
[SourceDate "2010.07.17"]

1. d4 Nf6 2. c4 g6 3. Nc3 Bg7 4. e4 d6 5. f4 O-O 6. Nf3 c5 7. d5 e6 8. Be2 exd5
9. cxd5 Re8 10. Nd2 a6 11. a4 Nbd7 12. O-O Rb8 13. Qc2 h5 14. h3 h4 15. Rb1 Qc7
16. b3 Nf8 17. Bb2 Bd7 18. Nd1 Nxe4 19. Nxe4 Rxe4 20. Bxg7 Kxg7 21. Bd3 Ree8
22. f5 Bxf5 23. Bxf5 gxf5 24. Qxf5 Ng6 25. Rb2 Re5 26. Qf6+ Kg8 27. Rbf2 Rf8
28. Qf3 Qe7 29. Qd3 Re1 30. Nb2 Rxf1+ 31. Rxf1 Re8 32. Nc4 b5 33. axb5 axb5 34.
Na5 b4 35. Nc4 Ne5 36. Qf5 Nxc4 37. Qg4+ Kf8 38. bxc4 Qe3+ 39. Kh2 Qg3+ 40.
Qxg3 hxg3+ 41. Kxg3 Re3+ 42. Kg4 Rc3 43. Rf4 b3 44. Rf1 Rxc4+ 45. Kf5 b2 46.
Rb1 Rc2 47. Ke4 c4 48. Kd4 c3 49. Kd3 Rc1 0-1

[Event "Miguel Najdorf Memorial 2010 Torneo B"]
[Site "Warszawa POL"]
[Date "2010.07.23"]
[Round "8.10"]
[White "Worobiej, Daniel"]
[Black "Skwarczylo, Marek"]
[Result "1/2-1/2"]
[WhiteElo "1736"]
[BlackElo "1964"]
[PlyCount "51"]
[EventDate "2010.07.17"]
[EventType "swiss"]
[EventRounds "9"]
[EventCountry "POL"]
[Source "lmi"]
[SourceDate "2010.07.17"]

1. b3 b6 2. Bb2 Bb7 3. e3 e6 4. Nf3 Nf6 5. c4 Be7 6. Be2 O-O 7. O-O d5 8. Nc3
Nbd7 9. cxd5 Nxd5 10. Nxd5 Bxd5 11. Ne5 Nxe5 12. Bxe5 f6 13. Bc3 e5 14. d4 e4
15. Qd2 Qd6 16. Rfc1 c6 17. Bc4 f5 18. a3 Rac8 19. Bb4 Qd7 20. Bxe7 Qxe7 21.
Rc3 Rcd8 22. Bxd5+ cxd5 23. Rc6 Rc8 24. Qc2 Rxc6 25. Qxc6 Rd8 26. b4 1/2-1/2

[Event "Miguel Najdorf Memorial 2010 Torneo B"]
[Site "Warszawa POL"]
[Date "2010.07.23"]
[Round "8.11"]
[White "Kaniak, Justyna"]
[Black "Szewczyk, Mariusz"]
[Result "1/2-1/2"]
[WhiteElo "1958"]
[BlackElo "1743"]
[PlyCount "128"]
[EventDate "2010.07.17"]
[EventType "swiss"]
[EventRounds "9"]
[EventCountry "POL"]
[Source "lmi"]
[SourceDate "2010.07.17"]

1. e4 c5 2. Nf3 Nc6 3. d4 cxd4 4. Nxd4 e6 5. Nc3 Bc5 6. Nb3 Bb6 7. Be2 Nge7 8.
Bg5 O-O 9. Qd2 d5 10. exd5 exd5 11. Rd1 Be6 12. O-O f6 13. Be3 Ne5 14. Rfe1 Qd7
15. Bxb6 axb6 16. Bb5 Qc8 17. Qe3 Bf7 18. Qxb6 Qg4 19. Be2 Qg6 20. Qxb7 Nf5 21.
Nxd5 Rxa2 22. Nd4 Kh8 23. Nxf5 Qxf5 24. Ne3 Qg5 25. c4 f5 26. Ra1 Rxa1 27. Rxa1
f4 28. Ra8 Kg8 29. Rxf8+ Kxf8 30. h4 Qe7 31. Qb8+ Qe8 32. Qd6+ Qe7 33. Qb8+ Qe8
34. Qd6+ Qe7 35. Nf5 Qxd6 36. Nxd6 Be6 37. c5 Ke7 38. Ne4 Bd5 39. f3 Kd7 40.
Kf2 Kc6 41. b4 Bc4 42. Bxc4 Nxc4 43. g3 Ne5 44. gxf4 Nd3+ 45. Kg3 Nxb4 46. f5
Nd3 47. f6 gxf6 48. Nxf6 Kxc5 49. Nxh7 Kd6 50. Kg4 Ke6 51. Kg5 Ne5 52. f4 Nf3+
53. Kg4 Nh2+ 54. Kh3 Nf1 55. h5 Ne3 56. Nf8+ Kf7 57. Nd7 Kg7 58. Ne5 Nd5 59.
Ng6 Kh6 60. Kh4 Nf6 61. Ne5 Nxh5 62. Nf7+ Kg6 63. Ne5+ Kf5 64. Kxh5 Kxf4
1/2-1/2

[Event "Miguel Najdorf Memorial 2010 Torneo B"]
[Site "Warszawa POL"]
[Date "2010.07.23"]
[Round "8.12"]
[White "Szwaj, Jacek"]
[Black "Zalewski, Daniel"]
[Result "1-0"]
[WhiteElo "1944"]
[BlackElo "1724"]
[PlyCount "85"]
[EventDate "2010.07.17"]
[EventType "swiss"]
[EventRounds "9"]
[EventCountry "POL"]
[Source "lmi"]
[SourceDate "2010.07.17"]

1. e4 c5 2. Nf3 Nc6 3. d4 cxd4 4. Nxd4 a6 5. c4 Nf6 6. Nc3 e6 7. Nc2 Qa5 8. Bd2
Qc7 9. Be2 Bc5 10. Be3 Nb4 11. Bxc5 Qxc5 12. Nxb4 Qxb4 13. Qd2 O-O 14. e5 Ne8
15. O-O-O f6 16. exf6 Nxf6 17. Bd3 d5 18. cxd5 exd5 19. Kb1 Be6 20. Ne2 Qa4 21.
Nd4 Bf7 22. f3 Kh8 23. Bc2 Qd7 24. g4 Ne8 25. h4 Nd6 26. h5 Qd8 27. Qd3 Bg8 28.
Ne6 Qf6 29. Nxf8 Rxf8 30. Bb3 Nc4 31. Qd4 Qxd4 32. Rxd4 Rxf3 33. Bxc4 dxc4 34.
Re1 g6 35. h6 Rf8 36. Rd7 g5 37. Rg7 Bf7 38. Rxg5 b5 39. Kc1 b4 40. Rf1 Rg8 41.
Rxg8+ Kxg8 42. Rf6 c3 43. b3 1-0

[Event "Miguel Najdorf Memorial 2010 Torneo B"]
[Site "Warszawa POL"]
[Date "2010.07.23"]
[Round "8.13"]
[White "Puszkarek, Kamil"]
[Black "Wrabel, Antoni"]
[Result "1-0"]
[WhiteElo "1770"]
[BlackElo "1825"]
[PlyCount "95"]
[EventDate "2010.07.17"]
[EventType "swiss"]
[EventRounds "9"]
[EventCountry "POL"]
[Source "lmi"]
[SourceDate "2010.07.17"]

1. e4 e5 2. f4 Nc6 3. Nf3 d6 4. Bc4 Bg4 5. O-O f6 6. h3 Bxf3 7. Qxf3 Nd4 8. Qd1
Ne7 9. c3 Ndc6 10. Qb3 Qb8 11. Bf7+ Kd8 12. fxe5 Nxe5 13. Be6 Nd3 14. Qb5 Nc5
15. Bf7 c6 16. Qe2 Ng6 17. d4 Nd7 18. Qg4 Qc7 19. Bxg6 hxg6 20. Qxg6 Qb6 21.
Na3 Qa6 22. Bf4 c5 23. Rfe1 b5 24. e5 b4 25. exd6 Bxd6 26. Qxg7 Kc7 27. Bxd6+
Kxd6 28. dxc5+ Kc7 29. Rad1 Rad8 30. Rxd7+ Rxd7 31. Qxh8 bxa3 32. b4 Qc4 33.
Qa8 Qa6 34. c6 Qxc6 35. Qxa7+ Qb7 36. Qxa3 Qb6+ 37. Kh1 Qf2 38. Qa5+ Kb7 39.
Qb5+ Kc7 40. Qc5+ Qxc5 41. bxc5 Rd5 42. Re7+ Kd8 43. Rf7 f5 44. c6 Ke8 45. c7
Rc5 46. Rxf5 Rxc3 47. Rf3 Rxc7 48. Kh2 1-0

[Event "Miguel Najdorf Memorial 2010 Torneo B"]
[Site "Warszawa POL"]
[Date "2010.07.23"]
[Round "8.14"]
[White "Koziol, Pawel"]
[Black "Januszkiewicz, Wojciech"]
[Result "0-1"]
[WhiteElo "1815"]
[BlackElo "1692"]
[PlyCount "54"]
[EventDate "2010.07.17"]
[EventType "swiss"]
[EventRounds "9"]
[EventCountry "POL"]
[Source "lmi"]
[SourceDate "2010.07.17"]

1. g3 g6 2. Bg2 Bg7 3. Nf3 Nf6 4. O-O O-O 5. c4 d5 6. cxd5 Nxd5 7. d4 Nc6 8. e4
Nb6 9. d5 Ne5 10. Nxe5 Bxe5 11. Nc3 e6 12. a4 a5 13. Bh6 Re8 14. f4 Bh8 15. Qc2
exd5 16. Nxd5 Nxd5 17. exd5 Bf5 18. Qc4 Bxb2 19. Ra2 Bf6 20. h3 Qd6 21. Rc1
Rac8 22. Qb5 Qd7 23. Qxb7 Bxh3 24. Rac2 Bxg2 25. Kxg2 Qg4 26. Qb5 Re3 27. Rxc7
Re2+ 0-1

[Event "Miguel Najdorf Memorial 2010 Torneo B"]
[Site "Warszawa POL"]
[Date "2010.07.23"]
[Round "8.15"]
[White "Suliborski, Artur"]
[Black "Kowalik, Pawel"]
[Result "1/2-1/2"]
[WhiteElo "1728"]
[BlackElo "1807"]
[PlyCount "101"]
[EventDate "2010.07.17"]
[EventType "swiss"]
[EventRounds "9"]
[EventCountry "POL"]
[Source "lmi"]
[SourceDate "2010.07.17"]

1. e4 e5 2. Nf3 Nc6 3. Bb5 g6 4. d3 d6 5. Nc3 Bd7 6. Be3 Bg7 7. O-O Nge7 8. d4
Nxd4 9. Bxd7+ Qxd7 10. Nxd4 exd4 11. Bxd4 O-O 12. Bxg7 Kxg7 13. Qd4+ Kg8 14.
Rad1 Nc6 15. Qd5 Qe6 16. a3 Rac8 17. f4 Qxd5 18. exd5 Ne7 19. Rfe1 Rfe8 20. g4
f5 21. g5 a6 22. Re6 Kf7 23. Rde1 Ng8 24. Kf2 Rxe6 25. dxe6+ Kf8 26. Nd5 c6 27.
Nf6 h5 28. Nd7+ Ke7 29. Re3 d5 30. Nc5 Rc7 31. Rb3 Kd6 32. Nxb7+ Kxe6 33. Re3+
Kf7 34. Nd6+ Kf8 35. Re8+ Kg7 36. Ra8 Rd7 37. Ne8+ Kf7 38. Nf6 Nxf6 39. gxf6
Rb7 40. Rxa6 Rxb2 41. Rxc6 Ra2 42. Kg3 Ra1 43. h3 Rxa3+ 44. Kh4 Ra1 45. Kg5
Rg1+ 46. Kh4 Rg2 47. c3 Rg1 48. Rd6 Rc1 49. Kg5 Rg1+ 50. Kh4 Rc1 51. Kg5
1/2-1/2

[Event "Miguel Najdorf Memorial 2010 Torneo B"]
[Site "Warszawa POL"]
[Date "2010.07.23"]
[Round "8.23"]
[White "Rej, Tomek"]
[Black "Czarnota, Dorota"]
[Result "1/2-1/2"]
[WhiteElo "2344"]
[BlackElo "2214"]
[PlyCount "115"]
[EventDate "2010.07.17"]
[EventType "swiss"]
[EventRounds "9"]
[EventCountry "POL"]
[Source "lmi"]
[SourceDate "2010.07.17"]

1. d4 d5 2. c4 c6 3. Nf3 Nf6 4. Nc3 e6 5. e3 Nbd7 6. Qc2 Bd6 7. g4 h6 8. Bd2
Qe7 9. Rg1 e5 10. cxd5 Nxd5 11. Ne4 Bb4 12. O-O-O O-O 13. a3 Bxd2+ 14. Rxd2
exd4 15. Nxd4 Re8 16. Bd3 Ne5 17. Ng3 Nxd3+ 18. Qxd3 Nf6 19. Ngf5 Bxf5 20. Nxf5
Qc5+ 21. Kb1 Ne4 22. Rc2 Qb6 23. f3 Rad8 24. Qc4 Nd6 25. Qc3 f6 26. Nd4 Kh8 27.
h4 Nb5 28. Nxb5 Rxe3 29. Qc5 cxb5 30. Qxb6 axb6 31. f4 Rd7 32. g5 fxg5 33. hxg5
hxg5 34. fxg5 g6 35. Rh1+ Kg7 36. Rch2 Ree7 37. Rh8 Kf7 38. Rf1+ Ke6 39. Rf6+
Ke5 40. Rxb6 Rd5 41. Rxg6 Kf5 42. Rhg8 b4 43. Rf6+ Kg4 44. axb4 Rb5 45. Rf2
Rxb4 46. g6 Kg3 47. Rd2 Rg4 48. Ka2 Kf3 49. Rh2 Re6 50. Rg7 Ra6+ 51. Kb1 Rgxg6
52. Rxb7 Ke4 53. Rh1 Kd5 54. Rc7 Kd6 55. Rhc1 Rg2 56. R1c3 Rd2 57. Rh3 Ra8 58.
Rh6+ 1/2-1/2

[Event "Miguel Najdorf Memorial 2010 Torneo B"]
[Site "Warszawa POL"]
[Date "2010.07.23"]
[Round "8.25"]
[White "Warakomski, Tomasz"]
[Black "Alvarado, Carlos"]
[Result "1-0"]
[WhiteElo "2495"]
[BlackElo "2216"]
[PlyCount "149"]
[EventDate "2010.07.17"]
[EventType "swiss"]
[EventRounds "9"]
[EventCountry "POL"]
[Source "lmi"]
[SourceDate "2010.07.17"]

1. e4 e5 2. Nf3 Nf6 3. Nc3 Bb4 4. Nxe5 O-O 5. Nd3 Bxc3 6. dxc3 Nxe4 7. Be2 Re8
8. O-O d6 9. Re1 Nd7 10. Bf1 h6 11. Nf4 Ndf6 12. h3 c6 13. Be3 Bf5 14. c4 Qc7
15. Bd3 Rad8 16. f3 Ng3 17. Bf2 Rxe1+ 18. Bxe1 Bxd3 19. Qxd3 Nfh5 20. Nxh5 Nxh5
21. Qf5 Qb6+ 22. Bf2 Qxb2 23. Rd1 g6 24. Qe4 d5 25. cxd5 Nf6 26. Qh4 Rxd5 27.
Bd4 g5 28. Qf2 Qb4 29. c3 Qc4 30. Re1 Kg7 31. f4 Rf5 32. Be5 gxf4 33. g4 Rxe5
34. Rxe5 Qxc3 35. Rf5 Nd5 36. Kh2 f6 37. h4 Qd3 38. Rh5 Kg6 39. Rf5 b6 40. Rh5
c5 41. Rf5 c4 42. Qg2 Qg3+ 43. Qxg3 fxg3+ 44. Kxg3 Nc3 45. Rf3 Nd5 46. Rf1 b5
47. Rd1 Nb6 48. a3 Kf7 49. Kf4 c3 50. Ke4 Nc4 51. Rc1 Nxa3 52. Rxc3 Nc4 53. Kd5
a5 54. Rb3 a4 55. Rxb5 Ne3+ 56. Ke4 Nxg4 57. h5 Ne5 58. Kf5 Nc6 59. Rb7+ Ne7+
60. Ke4 Ke6 61. Rb6+ Kf7 62. Ra6 Nc8 63. Rxa4 Ke6 64. Ra8 Ne7 65. Rh8 f5+ 66.
Kd4 Nc6+ 67. Ke3 Ne7 68. Rxh6+ Kf7 69. Kf4 Kg7 70. Re6 Kf7 71. Rd6 Nc8 72. Ra6
Ne7 73. Kg5 Kg8 74. Ra8+ Kf7 75. h6 1-0

[Event "Miguel Najdorf Memorial 2010 Torneo B"]
[Site "Warszawa POL"]
[Date "2010.07.23"]
[Round "8.31"]
[White "Kamieniecki, Tomasz"]
[Black "Pazderski, Ziemowit"]
[Result "0-1"]
[WhiteElo "2016"]
[BlackElo "2246"]
[PlyCount "142"]
[EventDate "2010.07.17"]
[EventType "swiss"]
[EventRounds "9"]
[EventCountry "POL"]
[Source "lmi"]
[SourceDate "2010.07.17"]

1. d4 Nf6 2. c4 e6 3. Nc3 Bb4 4. Qc2 d5 5. a3 Bxc3+ 6. Qxc3 Ne4 7. Qc2 Nc6 8.
e3 e5 9. f3 Nf6 10. dxe5 Nxe5 11. cxd5 Qxd5 12. e4 Qc6 13. Qxc6+ Nxc6 14. Be3
O-O 15. Rc1 Rd8 16. Bb5 Bd7 17. Bxc6 Bxc6 18. Ne2 Rd3 19. Kf2 Bxe4 20. Rxc7 Nd5
21. Rc4 Bxf3 22. Nf4 Rxe3 23. gxf3 Re5 24. Nxd5 Rxd5 25. Rc7 Rd2+ 26. Kg3 Rxb2
27. Rd1 Rb3 28. Rdd7 Rf8 29. a4 Rb4 30. a5 Rb5 31. Rxb7 Rxa5 32. Rxa7 Rf5 33.
Kg4 g6 34. h4 h5+ 35. Kg3 Rc8 36. Rdc7 Rxc7 37. Rxc7 Kg7 38. Rc6 Rd5 39. Ra6
Rd1 40. Rb6 Rh1 41. Ra6 Rb1 42. Rc6 Rb5 43. Kf4 Rf5+ 44. Kg3 Rf6 45. Rc5 Rb6
46. Rc4 Kh6 47. Rc5 f6 48. Rc4 g5 49. Rc5 Kg6 50. Ra5 Rb4 51. hxg5 h4+ 52. Kh3
fxg5 53. Rc5 Rb3 54. Kg4 Rb4+ 55. Kh3 Ra4 56. Rb5 Kf6 57. Rc5 Ra1 58. f4 Ra3+
59. Kg4 Rg3+ 60. Kh5 h3 61. Rc2 gxf4 62. Kh4 Kf5 63. Ra2 Ke4 64. Ra4+ Kf3 65.
Ra3+ Kg2 66. Ra2+ Kg1 67. Ra1+ Kh2 68. Rf1 Kg2 69. Ra1 f3 70. Rh1 Kxh1 71. Kxg3
Kg1 0-1

[Event "Miguel Najdorf Memorial 2010 Torneo B"]
[Site "Warszawa POL"]
[Date "2010.07.24"]
[Round "9.2"]
[White "Eggink, Mateusz"]
[Black "Kowara, Magdalena"]
[Result "1/2-1/2"]
[WhiteElo "1833"]
[BlackElo "1833"]
[PlyCount "95"]
[EventDate "2010.07.17"]
[EventType "swiss"]
[EventRounds "9"]
[EventCountry "POL"]
[Source "lmi"]
[SourceDate "2010.07.17"]

1. e4 c5 2. Nf3 e6 3. d4 cxd4 4. Nxd4 a6 5. Be3 Nf6 6. f3 Qc7 7. Qd2 d5 8. exd5
Nxd5 9. Bf2 Bc5 10. c3 O-O 11. Nb3 Bd6 12. g3 Nc6 13. Bg2 Rd8 14. Qe2 b5 15.
N1d2 Nf6 16. O-O Bb7 17. Nc5 Bxc5 18. Bxc5 Nd7 19. Be3 Ne7 20. Rfd1 Nf5 21. Bf2
Nc5 22. Ne4 Nxe4 23. fxe4 Nd6 24. Bd4 Nc4 25. b3 e5 26. bxc4 exd4 27. cxd4 bxc4
28. Rac1 c3 29. Qd3 Qa5 30. Qxc3 Qxa2 31. Qc7 Qb3 32. Qc3 Qxc3 33. Rxc3 Rac8
34. Rb3 Bc6 35. Rb6 Bb5 36. e5 Rb8 37. Rxb8 Rxb8 38. Rc1 Kf8 39. Kf2 Ke8 40.
Ke3 Kd8 41. Bd5 Be8 42. Ra1 Rb6 43. Bc4 Rb4 44. Bxa6 Rb3+ 45. Bd3 Bb5 46. Rd1
Ke7 47. Ke4 Bc6+ 48. Ke3 1/2-1/2

[Event "Miguel Najdorf Memorial 2010 Torneo B"]
[Site "Warszawa POL"]
[Date "2010.07.24"]
[Round "9.3"]
[White "Ceglowski, Ryszard"]
[Black "Grabara, Krzysztof"]
[Result "0-1"]
[WhiteElo "1864"]
[BlackElo "1961"]
[PlyCount "112"]
[EventDate "2010.07.17"]
[EventType "swiss"]
[EventRounds "9"]
[EventCountry "POL"]
[Source "lmi"]
[SourceDate "2010.07.17"]

1. c4 Nf6 2. Nc3 e5 3. g3 c6 4. Bg2 Be7 5. d3 O-O 6. Nf3 Qc7 7. O-O d5 8. cxd5
Nxd5 9. Bd2 Be6 10. Rc1 Rd8 11. a3 f6 12. Qc2 Nxc3 13. Qxc3 a5 14. d4 e4 15.
Bf4 Qb6 16. Nd2 Qxd4 17. Nxe4 Qxc3 18. Nxc3 Na6 19. Ne4 h6 20. Rfd1 Bb3 21. Rd2
g5 22. Bd6 Kf7 23. Rc3 Be6 24. h3 f5 25. Bxe7 Kxe7 26. Rxd8 Rxd8 27. Nc5 Nxc5
28. Rxc5 a4 29. f4 gxf4 30. gxf4 Rd2 31. Kf2 Rxb2 32. Ra5 Kd6 33. Rxa4 Bd5 34.
Bf3 c5 35. Ra8 Bxf3 36. Kxf3 Kd5 37. Rd8+ Kc4 38. Rf8 Rb3+ 39. e3 Rxa3 40. Rxf5
b5 41. Rf6 b4 42. Rb6 Ra8 43. f5 Rc8 44. e4 Kb3 45. f6 c4 46. e5 c3 47. Ra6 Kb2
48. f7 c2 49. Rc6 Rxc6 50. f8=Q b3 51. e6 c1=Q 52. e7 Qf1+ 53. Ke4 Qc4+ 54. Kf3
Qd5+ 55. Ke2 Qe4+ 56. Kf2 Rc2+ 0-1

[Event "Miguel Najdorf Memorial 2010 Torneo B"]
[Site "Warszawa POL"]
[Date "2010.07.24"]
[Round "9.4"]
[White "Mietek, Lukasz"]
[Black "Pietrzak, Wojciech"]
[Result "0-1"]
[WhiteElo "1939"]
[BlackElo "1949"]
[PlyCount "96"]
[EventDate "2010.07.17"]
[EventType "swiss"]
[EventRounds "9"]
[EventCountry "POL"]
[Source "lmi"]
[SourceDate "2010.07.17"]

1. d4 d5 2. c4 e6 3. Nc3 c5 4. cxd5 exd5 5. Nf3 Nc6 6. g3 Nf6 7. Bg2 c4 8. O-O
Be7 9. b3 Qa5 10. Bd2 Bb4 11. Qc2 Bg4 12. e3 Rc8 13. Ne5 Nxe5 14. dxe5 Nd7 15.
f4 g6 16. Rfc1 Bf5 17. e4 cxb3 18. Qxb3 Nc5 19. Qxd5 Rd8 20. Qc4 Rxd2 21. exf5
O-O 22. Nd5 Nd3 23. Kh1 Nxc1 24. Rxc1 Ba3 25. Rb1 Rf2 26. Nf6+ Kg7 27. Ne4 Rb2
28. Rf1 gxf5 29. Nf2 Qd2 30. e6 Rc2 31. Qb5 fxe6 32. Qxb7+ Rf7 33. Qf3 Rxa2 34.
Qh5 Be7 35. Qf3 Bf6 36. g4 Qc3 37. Nd3 Rd2 38. Rd1 Rxd1+ 39. Qxd1 Rd7 40. Bf1
a5 41. g5 Bd8 42. Qh5 Qc6+ 43. Bg2 Qd6 44. Qh6+ Kg8 45. h4 Qxd3 46. Qxe6+ Kf8
47. Kh2 Qd6 48. Qc4 Bc7 0-1